000 00828nam a2200193Ii 4500
003 JO-AjNU
008 230605s9999||||xx |||||||||||||| ||und||
040 _aJO-AjNU
_bara
_erda
_cJO-AjNU
041 _aara
050 1 4 _aKRM500.S26.1963
100 3 _aتأليف السنهوري، عبد الرزاق بن أحمد,
_eauthor
_946956
245 0 0 _aالوسيط في شرح القانون المدني: العقود الواردة على الانتفاع بالشئ، الايجار والعارية
264 3 1 _aبيروت: دار احياء التراث العربي،1963
300 _aج6،م1، 884ص
336 _atext
_btxt
_2rdacontent
337 _aunmediated
_bn
_2rdamedia
338 _avolume
_bnc
_2rdacarrier
650 4 _a القانون المدني -- مصر -- قوانين وتشريعات -- مصر
_946957
999 _aA20465
_c24033
_d24033